| 000 | 01488nam a22003730a 4500 | ||
|---|---|---|---|
| 001 | PT14895 | ||
| 003 | AR-LpoUNG | ||
| 005 | 20210516202705.0 | ||
| 008 | 191001s2001||||ag |||||||||||||||||spa d | ||
| 040 |
_aAR-LpoUNG _bspa _cAR-LpoUNG _eaacr |
||
| 041 | _aspa | ||
| 044 | _aag | ||
| 082 | 0 | _a306.01 678in | |
| 111 | 2 | _aCongreso Regional de la Cultura, 1, San Miguel, 2001 | |
| 245 | 1 | 0 | _aInti Huasi |
| 260 |
_aBuenos Aires : _bSOFOVIAL, _c2001. |
||
| 520 | _a<p>Pedro Moreira. Pequeña biblioteca y museo indo americano. Imágenes y relato de una experiencia barrial en la zona de San Miguel oeste. Pedro Moreira, trabajador comunitario, abre su casa para el encuentro, la capacitación, el fortalecimiento de la pertenencia y la identidad. En suma, Inti Huasi, la casa del sol es también el lugar de la solidaridad.</p> | ||
| 650 | 4 | _aACUERDOS CULTURALES | |
| 650 | 4 | _aARTE | |
| 650 | 4 | _aCULTURA POPULAR | |
| 650 | 4 | _aDERECHO A LA CULTURA | |
| 650 | 4 | _aDESARROLLO CULTURAL | |
| 650 | 4 | _aDIFUSION DE LA CULTURA | |
| 650 | 4 | _aFACTORES CULTURALES | |
| 650 | 4 | _aSOCIEDAD | |
| 650 | 4 | _aSOFOVIAL | |
| 653 | _aVIDEOS | ||
| 710 | 2 | _aSociedad de Fomento del Video Alternativo (Buenos Aires) | |
| 710 | 2 | _aSociedad de Fomento del Video Alternativo (Buenos Aires) | |
| 710 | 2 | _aUniversidad Nacional de General Sarmiento. Instituto del Conurbano | |
| 710 | 2 | _aUniversidad Nacional de General Sarmiento. Instituto del Conurbano | |
| 905 | _a14895 | ||
| 942 | _cVIDEO | ||
| 999 |
_c54196 _d54196 |
||